000
00221 a2200097 4500
001
43002
100
_a
Pryde J
245
_a
Chimers seven figures math table
260
_a
_b
W & R Chambers ltd
_c
090
_c
26878
_d
26878
942
_a
NUST-CAE
_c
M
_c
18755
999
_c
278075
_d
278075